| 000 | 00907nas a2200325 4500 | ||
|---|---|---|---|
| 001 | BR0205378 | ||
| 003 | BR-BrBNA | ||
| 005 | 20231205103342.0 | ||
| 007 | ta | ||
| 008 | 230509b bl.|||p| |||| 00| 00por d | ||
| 040 |
_aBR-BrBNA _bpor _cBiblioteca Nacional de Agricultura |
||
| 041 | _a(En) | ||
| 072 | _aF04 | ||
| 100 | 1 | _aAndrade, A.T. | |
| 100 | 1 | _aFernandes, L.A. | |
| 100 | 1 | _aFaquin, V. | |
| 245 | 1 | _aOrganic residue, limestone, gypsum, and phosphorus adsorption by lowland soils | |
| 650 | _aCALCÁRIO | ||
| 650 | _aGESSO | ||
| 650 | _aRESÍDUO ORGÂNICO | ||
| 650 | _aCORRETIVO | ||
| 650 | _aFERTILIZANTE | ||
| 650 | _aCALAGEM | ||
| 650 | _aFÓSFORO | ||
| 650 | _aABSORÇÃO | ||
| 650 | _aVÁRZEA | ||
| 773 | 0 |
_tScientia Agrícola (Brazil) _xISSN 0103-9016 _g(Apr-Jun 2002), v. 59(2) p. 343-355 _wBR0205378 |
|
| 909 |
_a202311 _bLúcia _c55 _dLúcia Elande |
||
| 942 |
_2AGRIS _n0 _cANA |
||
| 999 |
_c172410 _d172410 |
||